000 00961nam a2200253Ia 4500
003 OSt
005 20220923210957.0
006 a|||||r|||| 00| 0
007 ta
008 Pun
020 _a8130201771 (hbk)
_c200
024 _a284,601
037 _b921, 20/03/2015, H.K. Prakashan
_cTextual
040 _aARTS
_cARTS
_bPun
041 _2Pun
_aPun
082 _aP153, P9
100 _aਧਨਵੰਤ ਕੌਰ
_9156752
245 0 _aਪੰਜਾਬੀ ਭਾFਾ ਅਤੇ ਗੁਰਮੁਖੀ ਲਿਪੀ ਦੇ ਵਿਕਾਸ ਮਾਡਲ ਯ 24ਵੀ੍ਵ ਅੰਤਰਰਾFਟਰੀ ਪੰਜਾਬੀ ਵਿਕਾਸ ਕਾਨਫਰੰਸ
260 _aਪਟਿਆਲਾ
_b ਪੰਜਾਬੀ ਯੂਨੀਵਰਸਿਟੀ
_c2009
300 _a334ਪੰ
_ccm.
650 _aਪੰਜਾਬੀ ਸਾਹਿਤ
942 _hP153, P9
_cTEXL
_2CC
999 _c293405
_d293405